000
00215 a2200097 4500
001
356
100
_a
245
_a
Engineering Mechanics Dynamics, 6th Ed
260
_a
NY
_b
Macmillan Pub Co
_c
2004
090
_c
35
_d
35
942
_a
NUST-CAE
_c
M
_c
27779
999
_c
235429
_d
235429